[Event "EU-Cup 22nd"]
[Site "Fuegen"]
[Date "2006.10.13"]
[Round "6.3"]
[White "Lain, Luigi"]
[Black "Arwanitakis, Michael"]
[Result "0-1"]
[WhiteElo "2250"]
[BlackElo "2265"]
[PlyCount "60"]
[EventDate "2006.10.08"]
[EventType "team-swiss"]
[EventRounds "7"]
[EventCountry "AUT"]
[SourceTitle "CBM 115"]
[Source "ChessBase"]
[SourceDate "2006.11.15"]
[SourceVersion "1"]
[SourceVersionDate "2006.11.15"]
[SourceQuality "1"]
[WhiteTeam "Padova"]
[BlackTeam "Graz"]
[WhiteTeamCountry "ITA"]
[BlackTeamCountry "AUT"]

1. d4 g6 2. c4 Bg7 3. e4 d6 4. Nc3 e5 5. d5 a5 6. Be3 Na6 7. Bd3 Nc5 8. Nge2 Nxd3+ 9. Qxd3 b6 10. f3 Bh6 11. Bxh6 Nxh6 12. Qe3 Ng8 13. a4 Nf6 14. 0-0-0 Nd7 15. Qh6 Ba6 16. b3 Qe7 17. Nb5 Nc5 18. Kc2 Bxb5 19. axb5 0-0-0 20. Ra1 f5 21. b4 axb4 22. exf5 Kb7 23. fxg6 hxg6 24. Qe3 Rh4 25. f4 Qh7 26. g3 g5+ 27. Kb2 gxf4 28. gxf4 exf4 29. Qf3 Rh3 30. Qg4 Nd3+ 0-1

[Event "EU-Cup 22nd"]
[Site "Fuegen"]
[Date "2006.10.12"]
[Round "5.3"]
[White "Arwanitakis, Michael"]
[Black "Kett, Timothy"]
[Result "1-0"]
[WhiteElo "2265"]
[BlackElo "2234"]
[PlyCount "81"]
[EventDate "2006.10.08"]
[EventType "team-swiss"]
[EventRounds "7"]
[EventCountry "AUT"]
[SourceTitle "CBM 115"]
[Source "ChessBase"]
[SourceDate "2006.11.15"]
[SourceVersion "1"]
[SourceVersionDate "2006.11.15"]
[SourceQuality "1"]
[WhiteTeam "Graz"]
[BlackTeam "Cardiff"]
[WhiteTeamCountry "AUT"]
[BlackTeamCountry "WLS"]

1. g3 e5 2. c4 Nf6 3. Bg2 Nc6 4. d3 Bc5 5. Nc3 0-0 6. a3 a6 7. e3 d6 8. Nge2 Bg4 9. h3 Bh5 10. g4 Bg6 11. Ng3 Qd7 12. Ra2 Rab8 13. b3 b5 14. h4 bxc4 15. bxc4 h6 16. g5 hxg5 17. hxg5 Nh7 18. Qa4 Rb6 19. Rb2 Nb8 20. Nge4 Rxb2 21. Bxb2 Qg4 22. Bh3 Qf3 23. Rh2 Bxe3 24. fxe3 Qxe3+ 25. Ne2 Qxd3 26. N4c3 Nxg5 27. Bg2 e4 28. Nd5 f6 29. Ndf4 Kf7 30. Nxg6 Qb1+ 31. Bc1 Kxg6 32. Qd1 Nd7 33. Nc3 Qb6 34. Qh5+ Kf5 35. Bxe4+ Ke5 36. Re2 Qg1+ 37. Kd2 Nc5 38. Bd3+ Kf4 39. Kc2+ Kg3 40. Re3+ Kf2 41. Qe2# 1-0

[Event "AUT-chT2M 0506"]
[Site "Austria"]
[Date "2006.03.25"]
[Round "10.1"]
[White "Rumpl, Erwin"]
[Black "Arwanitakis, Michael"]
[Result "1-0"]
[WhiteElo "2290"]
[BlackElo "2254"]
[PlyCount "123"]
[EventDate "2005.10.08"]
[EventType "team"]
[EventRounds "11"]
[EventCountry "AUT"]
[SourceTitle "EXT 2006"]
[Source "ChessBase"]
[SourceDate "2005.11.24"]
[SourceVersion "1"]
[SourceVersionDate "2005.11.24"]
[SourceQuality "1"]
[WhiteTeam "Ansfelden II"]
[BlackTeam "Graz Styria"]
[WhiteTeamCountry "AUT"]
[BlackTeamCountry "AUT"]

1. Nf3 Nf6 2. g3 g6 3. b3 Bg7 4. Bb2 0-0 5. Bg2 d6 6. d4 e5 7. dxe5 Nfd7 8. Nc3 dxe5 9. Qd2 a5 10. 0-0-0 Re8 11. h4 Ra6 12. Ne4 a4 13. Nfg5 axb3 14. Nxf7 Qe7 15. axb3 Qxf7 16. Ng5 Bh6 17. Bd5 Rae6 18. f4 Bxg5 19. Bxe6 Rxe6 20. hxg5 Nc6 21. Qc3 Qe7 22. Rhf1 Nb4 23. Kb1 Rc6 24. Qf3 e4 25. Qf2 Nxc2 26. e3 Na3+ 27. Bxa3 Qxa3 28. Qb2 Qxb2+ 29. Kxb2 Kf7 30. Rd4 Nc5 31. Rh1 Kg7 32. b4 Nd3+ 33. Kb1 Be6 34. Rg1 Rc4 35. Rxc4 Bxc4 36. Kc2 b5 37. Kc3 c6 38. Ra1 Bf7 39. Ra7 Kg8 40. Rc7 Bd5 41. Rc8+ Kf7 42. Rc7+ Ke6 43. Rxh7 Nc1 44. Rg7 Na2+ 45. Kd4 Nxb4 46. Rxg6+ Kf7 47. Rf6+ Ke7 48. Rh6 Nc2+ 49. Ke5 Nxe3 50. Rh7+ Kf8 51. Ra7 Ng4+ 52. Kf5 Nf2 53. Kf6 c5 54. g6 e3 55. g7+ Kg8 56. Re7 Ng4+ 57. Kg6 Bc6 58. f5 b4 59. f6 Nxf6 60. Kxf6 b3 61. Rf7 Kh7 62. Rf8 1-0

[Event "AUT-chT2M 0506"]
[Site "Austria"]
[Date "2006.02.04"]
[Round "6.5"]
[White "Ebner, Hubert"]
[Black "Arwanitakis, Michael"]
[Result "1/2-1/2"]
[WhiteElo "2258"]
[BlackElo "2254"]
[PlyCount "21"]
[EventDate "2005.10.08"]
[EventType "team"]
[EventRounds "11"]
[EventCountry "AUT"]
[SourceTitle "EXT 2006"]
[Source "ChessBase"]
[SourceDate "2005.11.24"]
[SourceVersion "1"]
[SourceVersionDate "2005.11.24"]
[SourceQuality "1"]
[WhiteTeam "Graz Austria"]
[BlackTeam "Graz Styria"]
[WhiteTeamCountry "AUT"]
[BlackTeamCountry "AUT"]

1. d4 Nf6 2. c4 g6 3. Nc3 Bg7 4. e4 d6 5. Bd3 0-0 6. Nge2 Nc6 7. 0-0 Ng4 8. f3 Nh6 9. Be3 e5 10. d5 Nb4 11. Bb1 1/2-1/2

[Event "AUT-chT2M 0405"]
[Site "Austria"]
[Date "2005.04.02"]
[Round "10.3"]
[White "Arwanitakis, Michael"]
[Black "Taggatz, Mario"]
[Result "0-1"]
[WhiteElo "2272"]
[BlackElo "2225"]
[PlyCount "74"]
[EventDate "2004.10.16"]
[EventType "team-tourn"]
[EventRounds "11"]
[EventCountry "AUT"]
[SourceTitle "EXT 2005"]
[Source "ChessBase"]
[SourceDate "2004.11.15"]
[SourceVersion "1"]
[SourceVersionDate "2004.11.15"]
[SourceQuality "1"]
[WhiteTeam "Graz Styria"]
[BlackTeam "Sauwald"]
[WhiteTeamCountry "AUT"]
[BlackTeamCountry "AUT"]

1. e4 d6 2. d4 Nf6 3. Nc3 g6 4. h3 Bg7 5. Be3 c6 6. a4 0-0 7. Nf3 d5 8. e5 Ne4 9. Nxe4 dxe4 10. Ng5 c5 11. c3 cxd4 12. cxd4 Qa5+ 13. Qd2 Qxd2+ 14. Kxd2 Nc6 15. Bc4 Bf5 16. g4 Bd7 17. a5 h6 18. Nxe4 Rfd8 19. Nc5 Be8 20. Kc3 Rab8 21. Rhd1 b6 22. axb6 axb6 23. Nd3 b5 24. Bb3 b4+ 25. Kd2 Nxd4 26. Bxd4 Rxd4 27. Ke3 Rbd8 28. f4 g5 29. e6 gxf4+ 30. Nxf4 Rxd1 31. Rxd1 Rxd1 32. Bxd1 Bxb2 33. Nd5 Ba3 34. Nxe7+ Kf8 35. Nf5 fxe6 36. Nd4 Ke7 37. Bb3 Bf7 0-1

[Event "Graz op-A"]
[Site "Graz"]
[Date "2004.09.09"]
[Round "6"]
[White "Frosch, Ronald"]
[Black "Arwanitakis, Michael"]
[Result "1/2-1/2"]
[WhiteElo "2200"]
[BlackElo "2242"]
[PlyCount "29"]
[EventDate "2004.09.04"]
[EventType "swiss"]
[EventRounds "9"]
[EventCountry "AUT"]
[SourceTitle "EXT 2006"]
[Source "ChessBase"]
[SourceDate "2005.11.24"]
[SourceVersion "1"]
[SourceVersionDate "2005.11.24"]
[SourceQuality "1"]

1. d4 Nf6 2. Nf3 g6 3. c4 Bg7 4. Nc3 0-0 5. e3 c5 6. Be2 cxd4 7. exd4 d5 8. c5 Nc6 9. 0-0 Ne4 10. Be3 Nxc5 11. dxc5 d4 12. Nxd4 Nxd4 13. Rc1 Be6 14. Bf3 Qd7 15. Bxd4 1/2-1/2

[Event "AUT-ch"]
[Site "Hartberg"]
[Date "2004.07.30"]
[Round "7"]
[White "Schweda, Roland"]
[Black "Arwanitakis, Michael"]
[Result "0-1"]
[WhiteElo "2420"]
[BlackElo "2242"]
[PlyCount "120"]
[EventDate "2004.07.24"]
[EventType "swiss"]
[EventRounds "9"]
[EventCountry "AUT"]
[SourceTitle "CBM 101 Extra"]
[Source "ChessBase"]
[SourceDate "2004.09.01"]
[SourceVersion "2"]
[SourceVersionDate "2004.09.01"]
[SourceQuality "1"]

1. d4 Nf6 2. c4 g6 3. Nc3 Bg7 4. e4 d6 5. Nf3 0-0 6. Be2 Na6 7. Be3 e5 8. d5 Ng4 9. Bg5 f6 10. Bh4 h5 11. Nd2 Nh6 12. f3 c5 13. a3 Nf7 14. Rb1 Bh6 15. Bf2 f5 16. h4 b6 17. b4 Bd7 18. Bd3 Qe7 19. Qc2 Qf6 20. Rb2 Kg7 21. Nf1 f4 22. Nd2 Rh8 23. Qd1 g5 24. hxg5 Bxg5 25. Bc2 Rad8 26. Ba4 Bc8 27. Bc6 h4 28. Qa4 Qe7 29. Ke2 Rh6 30. Rbb1 Rdh8 31. Nb5 h3 32. gxh3 Rxh3 33. Rxh3 Rxh3 34. Rg1 Kf8 35. bxc5 bxc5 36. Qa5 Bh4 37. Bxh4 Rxh4 38. Rg6 Rh2+ 39. Kd3 Rf2 40. Re6 Bxe6 41. dxe6 Ng5 42. Qxa6 Nxf3 43. Qc8+ Kg7 44. Qd7 Rxd2+ 45. Kc3 Kf6 46. Nc7 Qxd7 47. exd7 Rc2+ 48. Kxc2 Nd4+ 49. Kd3 Nxc6 50. d8Q+ Nxd8 51. Nb5 a6 52. Nxd6 Kg5 53. Ke2 Kg4 54. Nf5 Nf7 55. Ne7 Nd6 56. Nc6 Nxc4 57. Kf2 f3 58. Nb8 Nd6 59. Nc6 Kf4 60. Nd8 Nxe4+ 0-1

[Event "AUT-ch"]
[Site "Hartberg"]
[Date "2004.07.29"]
[Round "6"]
[White "Arwanitakis, Michael"]
[Black "Roth, Peter"]
[Result "1-0"]
[WhiteElo "2242"]
[BlackElo "2244"]
[PlyCount "141"]
[EventDate "2004.07.24"]
[EventType "swiss"]
[EventRounds "9"]
[EventCountry "AUT"]
[SourceTitle "CBM 101 Extra"]
[Source "ChessBase"]
[SourceDate "2004.09.01"]
[SourceVersion "2"]
[SourceVersionDate "2004.09.01"]
[SourceQuality "1"]

1. e4 e6 2. d4 d5 3. Nc3 Nf6 4. e5 Ne4 5. Nxe4 dxe4 6. Bc4 a6 7. Ne2 c5 8. c3 cxd4 9. cxd4 Nc6 10. Bb3 Bb4+ 11. Bd2 Qa5 12. Bc3 Bd7 13. Bc2 0-0-0 14. 0-0 Bxc3 15. bxc3 f5 16. exf6 gxf6 17. Bxe4 f5 18. Bf3 e5 19. d5 e4 20. dxc6 Bxc6 21. Nd4 Qxc3 22. Bxe4 fxe4 23. Qg4+ Kb8 24. Nxc6+ Qxc6 25. Rfe1 Rhe8 26. h3 Ka8 27. Re2 Rd4 28. Rae1 Qd5 29. Qg3 Rd2 30. Kh2 Rxa2 31. Rxe4 Rxe4 32. Rxe4 Qxe4 33. Qg8+ Ka7 34. Qxa2 b5 35. Qd2 b4 36. f4 a5 37. Qd7+ Kb6 38. f5 b3 39. Qd6+ Qc6 40. Qb8+ Qb7 41. Qd6+ Kb5 42. Qe5+ Kc4 43. f6 b2 44. Qf4+ Kc3 45. f7 Qxf7 46. Qxf7 b1Q 47. Qc7+ Kd4 48. Qxa5 Qb8+ 49. Kg1 Qb1+ 50. Kf2 Qc2+ 51. Kg3 Qg6+ 52. Kh2 h5 53. Qd2+ Kc5 54. Qe3+ Kc6 55. Qf4 Kb7 56. g4 hxg4 57. hxg4 Ka8 58. Kg3 Qb1 59. Qf3+ Kb8 60. Qe3 Ka8 61. g5 Qh7 62. Qe8+ Ka7 63. Kg4 Qb1 64. Qf7+ Ka8 65. Kh5 Qh1+ 66. Kg6 Qc6+ 67. Kh7 Qc7 68. g6 Qh2+ 69. Kg8 Qc7 70. Qe8+ Ka7 71. Kf8 1-0

[Event "AUT-ch"]
[Site "Hartberg"]
[Date "2004.07.25"]
[Round "2"]
[White "Arwanitakis, Michael"]
[Black "Moser, Eva"]
[Result "0-1"]
[WhiteElo "2242"]
[BlackElo "2406"]
[PlyCount "104"]
[EventDate "2004.07.24"]
[EventType "swiss"]
[EventRounds "9"]
[EventCountry "AUT"]
[SourceTitle "CBM 101 Extra"]
[Source "ChessBase"]
[SourceDate "2004.09.01"]
[SourceVersion "2"]
[SourceVersionDate "2004.09.01"]
[SourceQuality "1"]

1. e4 e6 2. d4 d5 3. Nc3 Bb4 4. Nge2 dxe4 5. a3 Be7 6. Nxe4 Nc6 7. g3 e5 8. d5 Nd4 9. N2c3 c6 10. Bg2 f5 11. Nd2 Nf6 12. Nc4 Qc7 13. Bf4 Nxc2+ 14. Qxc2 exf4 15. 0-0-0 cxd5 16. Nxd5 Nxd5 17. Bxd5 Bd7 18. Rhe1 Rc8 19. Kb1 Kf8 20. Qe2 Bf6 21. Qd2 g6 22. Qb4+ Qc5 23. Qxb7 Rc7 24. Qa6 Kg7 25. Qd6 Qxd6 26. Nxd6 Rb8 27. Nc4 fxg3 28. hxg3 Ba4 29. Rc1 Bb3 30. Ne3 Rxc1+ 31. Kxc1 Bxd5 32. Nxd5 Bxb2+ 33. Kc2 Bxa3 34. f4 Kf7 35. Ra1 Bc5 36. Ra6 Rb7 37. Rf6+ Kg7 38. Rc6 Bf2 39. Rc3 Rd7 40. Nc7 Bb6 41. Ne6+ Kf6 42. Ng5 h6 43. Rc6+ Kg7 44. Ne6+ Kf7 45. Kc3 Re7 46. Nc5 Rc7 47. Rxc7+ Bxc7 48. Kc4 g5 49. fxg5 hxg5 50. g4 fxg4 51. Kd3 g3 52. Ke2 g2 0-1

[Event "Oberwart op"]
[Site "Oberwart"]
[Date "2004.07.14"]
[Round "5"]
[White "Kiss, Attila"]
[Black "Arwanitakis, Michael"]
[Result "1/2-1/2"]
[WhiteElo "2393"]
[BlackElo "2242"]
[PlyCount "139"]
[EventDate "2004.07.10"]
[EventType "swiss"]
[EventRounds "9"]
[EventCountry "AUT"]
[SourceTitle "CBM 103 Extra"]
[Source "ChessBase"]
[SourceDate "2005.01.01"]
[SourceVersion "1"]
[SourceVersionDate "2005.01.01"]
[SourceQuality "1"]

1. d4 Nf6 2. c4 g6 3. Nf3 Bg7 4. g3 0-0 5. Bg2 d6 6. 0-0 Nc6 7. Nc3 e5 8. d5 Ne7 9. e4 Nd7 10. Ne1 f5 11. Nd3 Nf6 12. Bg5 h6 13. Bxf6 Bxf6 14. f4 exf4 15. Nxf4 Be5 16. Nd3 Bg7 17. Nf4 Be5 18. Qd2 fxe4 19. Bxe4 Bxf4 20. Rxf4 Rxf4 21. gxf4 Nf5 22. Rf1 Kf7 23. Bd3 Bd7 24. Qf2 a6 25. Ne4 Qh4 26. c5 Qg4+ 27. Kh1 Re8 28. cxd6 cxd6 29. Rg1 Qh3 30. Bf1 Qh5 31. Be2 Qh3 32. Bf1 Qh5 33. Be2 Qh3 34. Bg4 Qd3 35. Bxf5 Bxf5 36. Nxd6+ Kf8 37. Nxf5 Qxd5+ 38. Qg2 Qxg2+ 39. Kxg2 gxf5 40. Kf3 Re6 41. Rc1 b5 42. Rc5 Rf6 43. Ke3 Kg7 44. Kd4 Rd6+ 45. Ke5 Rd2 46. Rc7+ Kf8 47. Ra7 Rxb2 48. Rxa6 Rxh2 49. Kxf5 h5 50. Kf6 Kg8 51. Kg6 Rg2+ 52. Kxh5 Kf7 53. a3 Rg3 54. Kh4 Rb3 55. Kg5 b4 56. a4 Rg3+ 57. Kf5 b3 58. Ra7+ Kg8 59. Rb7 Rc3 60. Kg6 Rc6+ 61. Kg5 Ra6 62. f5 Rxa4 63. f6 Ra1 64. Rb8+ Kf7 65. Rb7+ Kf8 66. Rxb3 Rg1+ 67. Kf5 Rf1+ 68. Ke6 Re1+ 69. Kf5 Rf1+ 70. Ke6 1/2-1/2

[Event "Oberwart op 25th"]
[Site "Oberwart"]
[Date "2003.07.05"]
[Round "1"]
[White "Ruck, Robert"]
[Black "Arwanitakis, Michael"]
[Result "1-0"]
[WhiteElo "2550"]
[BlackElo "2231"]
[PlyCount "105"]
[EventDate "2003.07.05"]
[EventType "swiss"]
[EventRounds "9"]
[EventCountry "AUT"]
[SourceTitle "CBM 095 Extra"]
[Source "ChessBase"]
[SourceDate "2003.09.04"]
[SourceVersion "1"]
[SourceVersionDate "2003.09.04"]
[SourceQuality "1"]

1. Nf3 Nf6 2. c4 g6 3. d4 Bg7 4. g3 0-0 5. Bg2 d6 6. Nc3 Nc6 7. 0-0 e5 8. d5 Ne7 9. e4 Nd7 10. Ne1 f5 11. Nd3 Nf6 12. Bg5 Nxe4 13. Nxe4 fxe4 14. Bxe4 Bh3 15. Re1 Bf6 16. Bxf6 Rxf6 17. f4 exf4 18. Nxf4 Qd7 19. Bf3 Raf8 20. Nxh3 Rxf3 21. Ng5 R3f6 22. Qd4 c5 23. Qd2 Nf5 24. Ne6 R8f7 25. Re2 b5 26. b3 Ng7 27. Ng5 Rf8 28. cxb5 Qxb5 29. Ne4 Rf3 30. Nxd6 Qb6 31. Nc4 Qf6 32. Ree1 Nf5 33. d6 Nd4 34. Qg2 Rf2 35. Qd5+ Kg7 36. Ne5 Ne2+ 37. Kh1 Qg5 38. Rxe2 Rxe2 39. Qb7+ Kh6 40. Nf7+ Rxf7 41. Qxf7 Re4 42. Qf8+ Kh5 43. Qf3+ Qg4 44. Qxg4+ Kxg4 45. Rd1 Re8 46. Kg2 Rd8 47. Rd3 g5 48. d7 Kh5 49. Kf3 Kg6 50. Ke4 Kf6 51. Rd6+ Ke7 52. Kd5 h5 53. Kxc5 1-0

[Event "AUT-chT2M 0203"]
[Site "Austria"]
[Date "2002.11.30"]
[Round "4"]
[White "Arwanitakis, Michael"]
[Black "Winiwarter, Felix"]
[Result "1/2-1/2"]
[WhiteElo "2190"]
[BlackElo "2191"]
[PlyCount "67"]
[EventDate "2002.10.11"]
[EventType "team"]
[EventRounds "11"]
[EventCountry "AUT"]
[SourceTitle "EXT 2004"]
[Source "ChessBase"]
[SourceDate "2003.11.25"]
[SourceVersion "1"]
[SourceVersionDate "2003.11.25"]
[SourceQuality "1"]

1. e4 e5 2. Nf3 Nc6 3. d4 exd4 4. Bc4 Nf6 5. 0-0 Nxe4 6. Re1 d5 7. Bxd5 Qxd5 8. Nc3 Qa5 9. Nxe4 Be6 10. Neg5 0-0-0 11. Nxe6 fxe6 12. Rxe6 Bd6 13. Bg5 Rde8 14. Rxe8+ Rxe8 15. Qd3 h6 16. Bd2 Qd5 17. c3 Re4 18. g3 g5 19. a3 g4 20. Re1 Rxe1+ 21. Nxe1 h5 22. Nc2 Be7 23. cxd4 Kd8 24. Qh7 Bf6 25. Bf4 Bxd4 26. Qxc7+ Ke8 27. Qxb7 Bb6 28. Qc8+ Kf7 29. Qb7+ Kg6 30. Ne3 Bxe3 31. Bxe3 Qd1+ 32. Kg2 Qf3+ 33. Kf1 Qd1+ 34. Kg2 1/2-1/2

[Event "AUT-chT2M 0203"]
[Site "Austria"]
[Date "2002.10.12"]
[Round "2"]
[White "Mitter, Gerd"]
[Black "Arwanitakis, Michael"]
[Result "1/2-1/2"]
[WhiteElo "2187"]
[BlackElo "2190"]
[PlyCount "112"]
[EventDate "2002.10.11"]
[EventType "team"]
[EventRounds "11"]
[EventCountry "AUT"]
[SourceTitle "CBM 090 Extra"]
[Source "ChessBase"]
[SourceDate "2002.11.07"]
[SourceVersion "1"]
[SourceVersionDate "2002.11.07"]
[SourceQuality "1"]

1. Nf3 Nf6 2. g3 g6 3. Bg2 Bg7 4. 0-0 0-0 5. c4 d6 6. Nc3 e5 7. d4 Nc6 8. dxe5 Nxe5 9. Nxe5 dxe5 10. Qxd8 Rxd8 11. Bg5 Rd4 12. Nd5 Nxd5 13. cxd5 e4 14. Rfd1 Bf5 15. Rac1 Rxd1+ 16. Rxd1 Bxb2 17. Rb1 Bd4 18. Rxb7 Bb6 19. Bf4 Bc8 20. Rxc7 Bxc7 21. Bxc7 f5 22. f3 e3 23. f4 Bd7 24. d6 Re8 25. Bd5+ Kg7 26. Kg2 h6 27. h4 g5 28. hxg5 hxg5 29. fxg5 Kg6 30. Kf3 Re5 31. Bb7 Kxg5 32. Bd8+ Kg6 33. Kf4 Rb5 34. Ba6 Rb2 35. Kxe3 Rxa2 36. Bd3 Ra4 37. Bc2 Rg4 38. Kf3 Bc6+ 39. Kf2 Bd7 40. Kf3 Kf7 41. Bc7 Bc6+ 42. Kf2 Ke6 43. Bb3+ Kd7 44. Bc2 Rg5 45. Ke3 Rxg3+ 46. Kf4 Rg4+ 47. Kxf5 Rc4 48. Bd3 Rd4 49. Ke5 Rd5+ 50. Kf6 a5 51. Bf5+ Rxf5+ 52. Kxf5 a4 53. Ke5 a3 54. Ba5 Bg2 55. Bc3 a2 56. Bb2 a1Q 1/2-1/2

[Event "Oberwart op"]
[Site "Oberwart"]
[Date "2002.07.13"]
[Round "9"]
[White "Arwanitakis, Michael"]
[Black "Fucak, Emilijo"]
[Result "0-1"]
[WhiteElo "2173"]
[BlackElo "2317"]
[PlyCount "80"]
[EventDate "2002.07.05"]
[EventType "swiss"]
[EventRounds "9"]
[EventCountry "AUT"]
[SourceTitle "CBM 089 Extra"]
[Source "ChessBase"]
[SourceDate "2002.09.10"]
[SourceVersion "2"]
[SourceVersionDate "2002.09.10"]
[SourceQuality "1"]

1. e4 e6 2. b3 d5 3. Bb2 c5 4. Nc3 Nc6 5. exd5 exd5 6. Qe2+ Be7 7. 0-0-0 Nf6 8. Nf3 d4 9. Ne4 0-0 10. Nfg5 Nxe4 11. Nxe4 Be6 12. h4 h6 13. g4 Bxh4 14. f4 Bd5 15. g5 Re8 16. Rxh4 Rxe4 17. Qh5 Qd6 18. Bg2 Re6 19. f5 Re5 20. Bxd5 Qxd5 21. c4 Qd7 22. Rf4 Rae8 23. gxh6 g6 24. Qg4 Rxf5 25. Rdf1 Re4 26. h7+ Kh8 27. d3 Rexf4 28. Rxf4 Qe7 29. Rxf5 Qe1+ 30. Qd1 Qxd1+ 31. Kxd1 gxf5 32. Ke2 Kxh7 33. Kf3 Ne5+ 34. Ke2 a5 35. Bc1 Kg6 36. a3 Kh5 37. Bd2 b6 38. b4 axb4 39. axb4 Kg4 40. bxc5 bxc5 0-1

[Event "Oberwart op"]
[Site "Oberwart"]
[Date "2002.07.12"]
[Round "8"]
[White "Elfert, Aleksandr V"]
[Black "Arwanitakis, Michael"]
[Result "0-1"]
[WhiteElo "2369"]
[BlackElo "2173"]
[PlyCount "78"]
[EventDate "2002.07.05"]
[EventType "swiss"]
[EventRounds "9"]
[EventCountry "AUT"]
[SourceTitle "CBM 089 Extra"]
[Source "ChessBase"]
[SourceDate "2002.09.10"]
[SourceVersion "2"]
[SourceVersionDate "2002.09.10"]
[SourceQuality "1"]

1. d4 Nf6 2. Bg5 c5 3. Bxf6 gxf6 4. dxc5 Na6 5. Nc3 Nxc5 6. e3 a6 7. Nf3 d6 8. Bc4 e6 9. Nd4 h5 10. h4 b5 11. Be2 b4 12. Nb1 Qa5 13. Nd2 Bb7 14. Bf3 Rh6 15. Bxb7 Nxb7 16. Qf3 Qc7 17. Ne4 f5 18. Ng5 d5 19. g3 Nd6 20. Rd1 Qa5 21. 0-0 Qxa2 22. c3 bxc3 23. bxc3 Qc4 24. Rb1 Qc7 25. c4 Nxc4 26. Rfc1 Rc8 27. Qd1 Qd7 28. Ra1 Ba3 29. Rxc4 dxc4 30. Qc2 Bf8 31. Rd1 Rd8 32. Ra1 Rc8 33. Rd1 Rd8 34. Ra1 Bg7 35. Rxa6 e5 36. Rxh6 Bxh6 37. Nxf5 Qd1+ 38. Qxd1 Rxd1+ 39. Kh2 c3 0-1

[Event "AUT-chT2S 0102"]
[Site "Austria"]
[Date "2002.03.17"]
[Round "11.4"]
[White "Stoll, Thomas"]
[Black "Arwanitakis, Michael"]
[Result "0-1"]
[WhiteElo "2249"]
[BlackElo "2183"]
[PlyCount "142"]
[EventDate "2001.11.10"]
[EventType "team"]
[EventRounds "11"]
[EventCountry "AUT"]
[SourceTitle "EXT 2003"]
[Source "ChessBase"]
[SourceDate "2002.11.25"]
[SourceVersion "1"]
[SourceVersionDate "2002.11.25"]
[SourceQuality "1"]

1. e4 c5 2. Nf3 d6 3. d4 cxd4 4. Qxd4 a6 5. c4 Nc6 6. Qd2 g6 7. b3 Nf6 8. Nc3 Bg7 9. Bb2 0-0 10. Bd3 Bg4 11. Qe3 Qa5 12. 0-0 Bxf3 13. Qxf3 Nd7 14. Rfc1 Bd4 15. Qe2 Qe5 16. Rab1 Nb4 17. a3 Nxd3 18. Qxd3 Nc5 19. Qc2 Bxc3 20. Qxc3 Qxc3 21. Rxc3 Rfc8 22. f3 a5 23. Bc1 a4 24. b4 Nb3 25. Be3 Rc7 26. Rb2 Rac8 27. Rbc2 Na1 28. Rc1 Nb3 29. R1c2 f6 30. Kf2 Kf7 31. Ke2 e5 32. Kd3 Ke6 33. f4 f5 34. fxe5 dxe5 35. c5 Rd7+ 36. Kc4 fxe4 37. b5 Nd4 38. Rd2 Rcd8 39. Bg5 Rc8 40. Rf2 Nf5 41. Kb4 h6 42. Bc1 Rd4+ 43. Ka5 Ne7 44. Kb6 Rd7 45. Rd2 Nd5+ 46. Rxd5 Kxd5 47. Be3 Rdc7 48. Bg1 Rf7 49. Rc1 h5 50. Ka5 Ra8+ 51. Kb6 g5 52. Be3 g4 53. g3 Rc8 54. Rc2 Rfc7 55. Rc1 Ke6 56. Rc4 Kd5 57. Rc1 Rf7 58. Rc2 Re8 59. Ka5 Rf3 60. Rc3 Re6 61. c6 bxc6 62. Rc5+ Kd6 63. Rxc6+ Kd7 64. Rc3 Rd6 65. b6 Rc6 66. b7 Rf8 67. Rc5 Rb8 68. Rxe5 Rxb7 69. Rxe4 Rc8 70. Bb6 Ra8+ 71. Kb5 Rab8 0-1

[Event "AUT-chT2S 0102"]
[Site "Austria"]
[Date "2002.02.23"]
[Round "7.5"]
[White "Brunnsteiner, Mario"]
[Black "Arwanitakis, Michael"]
[Result "1/2-1/2"]
[WhiteElo "2164"]
[BlackElo "2183"]
[PlyCount "30"]
[EventDate "2001.11.10"]
[EventType "team"]
[EventRounds "11"]
[EventCountry "AUT"]
[SourceTitle "EXT 2003"]
[Source "ChessBase"]
[SourceDate "2002.11.25"]
[SourceVersion "1"]
[SourceVersionDate "2002.11.25"]
[SourceQuality "1"]

1. c4 g6 2. Nc3 Bg7 3. g3 Nc6 4. Bg2 e5 5. d3 d6 6. Rb1 f5 7. e3 Nf6 8. Nge2 0-0 9. b4 Ne7 10. Nd5 Nfxd5 11. cxd5 g5 12. f4 gxf4 13. exf4 Bd7 14. 0-0 c6 15. dxc6 Bxc6 1/2-1/2

[Event "AUT-chT2S 0001"]
[Site "Austria"]
[Date "2000.12.09"]
[Round "5"]
[White "Schmitt, Thomas"]
[Black "Arwanitakis, Michael"]
[Result "1-0"]
[WhiteElo "2214"]
[BlackElo "2148"]
[PlyCount "115"]
[EventDate "2000.??.??"]
[EventType "team"]
[EventRounds "11"]
[EventCountry "AUT"]
[SourceTitle "EXT 2002"]
[Source "ChessBase"]
[SourceDate "2001.11.25"]
[SourceVersion "1"]
[SourceVersionDate "2001.11.25"]
[SourceQuality "1"]

1. e4 c5 2. Nf3 d6 3. Bb5+ Nd7 4. d4 Ngf6 5. Nc3 a6 6. Bxd7+ Nxd7 7. Bg5 h6 8. Be3 b6 9. d5 g6 10. a4 Bg7 11. Qd2 Qc7 12. 0-0 Nf6 13. h3 g5 14. Nh2 Nh5 15. Rad1 Be5 16. b3 Bd7 17. Ne2 0-0-0 18. Qd3 Kb7 19. f4 gxf4 20. Nxf4 Nf6 21. Nf3 Rdg8 22. Kh2 Bxf4+ 23. Bxf4 Nh5 24. Nh4 f6 25. Rde1 Nxf4 26. Rxf4 Rg5 27. Nf5 Rhg8 28. Rf2 Bxf5 29. exf5 R8g7 30. Re6 Rh7 31. Rfe2 h5 32. Qe4 Rgg7 33. Re3 Ka7 34. c3 Qd7 35. Qd3 Kb7 36. Qe2 Ka7 37. b4 Qb7 38. bxc5 bxc5 39. c4 Qd7 40. a5 Qc7 41. Qe1 Qb7 42. Qd1 Rg4 43. Rb3 Qc7 44. Qb1 Rg8 45. Re2 Rb8 46. Rxb8 Qxb8 47. Qxb8+ Kxb8 48. Kg3 Kc7 49. Kh4 Kd7 50. Rb2 Ke8 51. Rb6 Rg7 52. g3 Rg5 53. Rxa6 Rxf5 54. Ra8+ Kf7 55. a6 Rf3 56. a7 Ra3 57. Kxh5 Kg7 58. Kg4 1-0

[Event "AUT-chT2S 9900"]
[Site "Austria"]
[Date "2000.03.19"]
[Round "11.1"]
[White "Arwanitakis, Michael"]
[Black "Buchegger, Karl"]
[Result "1-0"]
[WhiteElo "2155"]
[BlackElo "2196"]
[PlyCount "89"]
[EventDate "1999.10.??"]
[EventType "team"]
[EventRounds "11"]
[EventCountry "AUT"]
[SourceTitle "EXT 2002"]
[Source "ChessBase"]
[SourceDate "2001.11.25"]
[SourceVersion "1"]
[SourceVersionDate "2001.11.25"]
[SourceQuality "1"]

1. e4 c5 2. Nc3 e6 3. g3 d5 4. exd5 exd5 5. Bg2 Nf6 6. d3 d4 7. Ne4 Nxe4 8. dxe4 Nc6 9. Ne2 Bg4 10. h3 Bxe2 11. Qxe2 Qa5+ 12. Bd2 Qb6 13. 0-0 Be7 14. Kh1 0-0-0 15. Qg4+ Kb8 16. Qxg7 f6 17. Qf7 Ka8 18. Bf4 Rd7 19. a4 Rhd8 20. b3 Nb4 21. Qc4 a5 22. Qb5 Qxb5 23. axb5 Ka7 24. Rfc1 Kb6 25. Bf1 d3 26. Bd2 dxc2 27. Bxb4 axb4 28. Rxc2 Rd1 29. Rxd1 Rxd1 30. Kg2 Bd6 31. f4 Re1 32. Re2 Rxe2+ 33. Bxe2 Kc7 34. Kf3 Kd7 35. Bc4 b6 36. Kg4 Bf8 37. Kf5 Ke7 38. Kg4 Kd6 39. Kf5 Ke7 40. g4 Bg7 41. h4 Kd6 42. g5 fxg5 43. e5+ Ke7 44. hxg5 Bf8 45. Ke4 1-0